Hóa lý nhiệt động hóa học: Cuốn sách này dành cho sinh viên đại học, học viên cao học nghiên cứu sinh các trường đại học và cán bộ nghiên cứu

Trình bày những khái niệm cơ bản về nhiệt động học, các nguyên lý của nhiệt động học và việc áp dụng các nguyên lý này vào hóa học.

Đã lưu trong:
书目详细资料
主要作者: Trần, Xuân Hoành
格式: 图书
语言:Undetermined
出版: Hà Nội Khoa học Kỹ thuật 2003
主题:
标签: 添加标签
没有标签, 成为第一个标记此记录!
Thư viện lưu trữ: Trung tâm Học liệu Trường Đại học Cần Thơ
LEADER 01012nam a2200229Ia 4500
001 CTU_59993
008 210402s9999 xx 000 0 und d
020 |b 35000 
020 |c 35000 
082 |a 541.369 
082 |b H408 
100 |a Trần, Xuân Hoành 
245 0 |a Hóa lý nhiệt động hóa học: 
245 0 |b Cuốn sách này dành cho sinh viên đại học, học viên cao học nghiên cứu sinh các trường đại học và cán bộ nghiên cứu 
245 0 |c Trần Xuân Hoành 
260 |a Hà Nội 
260 |b Khoa học Kỹ thuật 
260 |c 2003 
520 |a Trình bày những khái niệm cơ bản về nhiệt động học, các nguyên lý của nhiệt động học và việc áp dụng các nguyên lý này vào hóa học. 
650 |a Chemistry, physical and theoretical,Thermodynamics 
904 |i Minh, Năm 
980 |a Trung tâm Học liệu Trường Đại học Cần Thơ